| 000 | 01082naa a22003257a 4500 | ||
|---|---|---|---|
| 001 | BR7801155 | ||
| 003 | BR-BrBNA | ||
| 005 | 20240918174052.0 | ||
| 007 | ta | ||
| 008 | 230509b bl.||||| |||| 00| 0 por d | ||
| 040 |
_aBR-BrBNA _bpor _cBiblioteca Nacional de Agricultura |
||
| 041 | _a(Pt) | ||
| 072 |
_aH10; H20 _b1885 |
||
| 090 | _aH10 BR7801155 | ||
| 100 | 1 | _aSilva, M.C. da | |
| 100 | 1 | _aSiqueira Junior, J.P. de | |
| 245 | 1 | _aComportamento do micelio do cogumelo comestivel (Agaricus campestres)frente a algumas drogas [fungicidas, Acaricida, antibiotico] | |
| 260 | 3 |
_aPiracicaba, SP (Brasil): _c1977. |
|
| 500 | _aRelatorio cientifico - 1976 Piracicaba, SP (Brasil): 1977. p. 204-205 (BR7801155-AM)H10 | ||
| 650 | _aCOGUMELO COMESTIVEL | ||
| 650 | _aFUNGO | ||
| 650 | _aACARO | ||
| 650 | _aBACTERIA | ||
| 650 | _aFUNGICIDA | ||
| 650 | _aACARICIDA | ||
| 650 | _aANTIBIOTICO | ||
| 773 | 0 |
_tRelatorio Cientifico - 1976 : no. 10 / _wF30 BR7801121 _gPiracicaba, SP (Brasil), 1977. _q241 p. |
|
| 909 |
_a202404 _bLucia _c55 _dLucia Elande |
||
| 942 |
_cAM _2AGRIS |
||
| 999 |
_c308708 _d308708 |
||